[Event "HUN-chT2 Breyer 2324"]
[Site "Hungary"]
[Date "2024.04.21"]
[Round "8.7"]
[White "Salamon, Laszlo"]
[Black "Kovacs, Milan"]
[Result "0-1"]
[WhiteElo "1862"]
[BlackElo "2047"]
[PlyCount "84"]
[EventDate "2023.10.08"]
[EventType "team-tourn"]
[EventRounds "9"]
[EventCountry "HUN"]
[SourceTitle "EXT 2025"]
[Source "ChessBase"]
[SourceDate "2024.10.14"]
[SourceVersion "1"]
[SourceVersionDate "2024.10.14"]
[SourceQuality "1"]
[WhiteTeam "Varosgazda Akademia"]
[BlackTeam "Nyergesujfalu"]
[WhiteTeamCountry "HUN"]
[BlackTeamCountry "HUN"]

1. e4 d6 2. d4 Nf6 3. Nc3 g6 4. Be3 Bg7 5. Qd2 c6 6. 0-0-0 b5 7. f3 a5 8. Bh6 Bxh6 9. Qxh6 Qc7 10. Re1 Nbd7 11. f4 e5 12. dxe5 dxe5 13. Nf3 Nh5 14. f5 Qd6 15. g4 Nhf6 16. Rd1 Qc5 17. fxg6 fxg6 18. Qd2 0-0 19. Be2 Nb6 20. Qd6 Qe3+ 21. Kb1 Nxe4 22. Nxe4 Qxe4 23. Bd3 Qd5 24. Qxd5+ Nxd5 25. Nxe5 Ne3 26. Rde1 Nxg4 27. Nxc6 Nf2 28. Ne7+ Kg7 29. Nxc8 Raxc8 30. Rhf1 Nxd3 31. cxd3 Rxf1 32. Rxf1 h5 33. b3 Rc5 34. d4 Rd5 35. Rd1 Rf5 36. Kc2 Rf3 37. Rd3 Rf2+ 38. Rd2 Rxd2+ 39. Kxd2 Kf6 40. h4 g5 41. hxg5+ Kxg5 42. d5 Kf5 0-1

[Event "HUN-chT2 Breyer 2324"]
[Site "Hungary"]
[Date "2023.10.08"]
[Round "1.9"]
[White "Salamon, Laszlo"]
[Black "Zsiga, Arpad"]
[Result "1-0"]
[WhiteElo "1780"]
[BlackElo "1728"]
[PlyCount "43"]
[EventDate "2023.10.08"]
[EventType "team-tourn"]
[EventRounds "9"]
[EventCountry "HUN"]
[SourceTitle "EXT 2025"]
[Source "ChessBase"]
[SourceDate "2024.10.14"]
[SourceVersion "1"]
[SourceVersionDate "2024.10.14"]
[SourceQuality "1"]
[WhiteTeam "Varosgazda Akademia"]
[BlackTeam "Budapest MTK II"]
[WhiteTeamCountry "HUN"]
[BlackTeamCountry "HUN"]

1. e4 e5 2. Nf3 Nc6 3. d4 exd4 4. Bc4 Bb4+ 5. c3 dxc3 6. bxc3 Ba5 7. 0-0 d6 8. Qb3 Qe7 9. Ba3 Nf6 10. Re1 Nd7 11. e5 Ndxe5 12. Nxe5 Nxe5 13. Nd2 Bb6 14. Nf3 Qf6 15. Nxe5 Bxf2+ 16. Kh1 Bxe1 17. Rxe1 0-0 18. Nxf7 d5 19. Bxd5 Qf2 20. Qd1 Bh3 21. Ng5+ Be6 22. Bxe6+ 1-0

[Event "HUN-chT2 Breyer 2223"]
[Site "Hungary"]
[Date "2023.02.12"]
[Round "7.12"]
[White "Csorba, Zalan"]
[Black "Salamon, Laszlo"]
[Result "0-1"]
[WhiteElo "1157"]
[BlackElo "1578"]
[PlyCount "56"]
[EventDate "2022.10.16"]
[EventType "team-tourn"]
[EventRounds "11"]
[EventCountry "HUN"]
[SourceTitle "EXT 2025"]
[Source "ChessBase"]
[SourceDate "2024.10.14"]
[SourceVersion "1"]
[SourceVersionDate "2024.10.14"]
[SourceQuality "1"]
[WhiteTeam "Nyergesujfalu"]
[BlackTeam "Varosgazda Akademia"]
[WhiteTeamCountry "HUN"]
[BlackTeamCountry "HUN"]

1. d4 f5 2. Nc3 Nf6 3. Nf3 e6 4. a3 Be7 5. Bf4 0-0 6. e3 d6 7. g3 b6 8. Bg2 Bb7 9. 0-0 Ne4 10. Nxe4 Bxe4 11. Nd2 Bxg2 12. Kxg2 g5 13. Qf3 Nd7 14. c4 gxf4 15. Qxf4 e5 16. dxe5 dxe5 17. Qh6 Bg5 18. Qe6+ Rf7 19. Rad1 Qf6 20. Qd5 c6 21. Qd3 e4 22. Qe2 Qxb2 23. Qh5 Qg7 24. h4 Bh6 25. g4 Nf6 26. Qxf5 Nxg4 27. Nb1 Nxe3+ 28. Kh1 Qg2# 0-1

[Event "HUN-chT2 Breyer 2223"]
[Site "Hungary"]
[Date "2023.01.29"]
[Round "6.11"]
[White "Valis, Janos"]
[Black "Salamon, Laszlo"]
[Result "1-0"]
[WhiteElo "1877"]
[BlackElo "1578"]
[PlyCount "59"]
[EventDate "2022.10.16"]
[EventType "team-tourn"]
[EventRounds "11"]
[EventCountry "HUN"]
[SourceTitle "EXT 2025"]
[Source "ChessBase"]
[SourceDate "2024.10.14"]
[SourceVersion "1"]
[SourceVersionDate "2024.10.14"]
[SourceQuality "1"]
[WhiteTeam "Hus"]
[BlackTeam "Varosgazda Akademia"]
[WhiteTeamCountry "HUN"]
[BlackTeamCountry "HUN"]

1. c4 f5 2. Nc3 Nf6 3. g3 e6 4. Bg2 Be7 5. Nf3 0-0 6. 0-0 d6 7. d4 Ne4 8. Qb3 Bf6 9. e3 Nc6 10. Nxe4 fxe4 11. Nd2 d5 12. cxd5 exd5 13. Nxe4 Bxd4 14. Nc3 Bxc3 15. Qxd5+ Kh8 16. bxc3 Qf6 17. Qc5 Ne5 18. f4 Nd3 19. Qd4 Rd8 20. Qxf6 gxf6 21. Ba3 Bg4 22. Be7 Rd7 23. Bxf6+ Kg8 24. Bxb7 Rb8 25. Rfb1 Rf8 26. Bg5 Nc5 27. Bg2 Ne6 28. Bh4 Rd3 29. h3 Bf5 30. e4 1-0

[Event "HUN-chT2 Breyer 2122"]
[Site "Hungary"]
[Date "2021.12.19"]
[Round "4.12"]
[White "Salamon, Laszlo"]
[Black "Zlotov, Viktor"]
[Result "0-1"]
[WhiteElo "1156"]
[BlackElo "1601"]
[PlyCount "58"]
[EventDate "2021.10.10"]
[EventType "team-tourn"]
[EventRounds "9"]
[EventCountry "HUN"]
[SourceTitle "EXT 2025"]
[Source "ChessBase"]
[SourceDate "2024.10.14"]
[SourceVersion "1"]
[SourceVersionDate "2024.10.14"]
[SourceQuality "1"]
[WhiteTeam "Varosgazda Akademia"]
[BlackTeam "Barcza BEAC"]
[WhiteTeamCountry "HUN"]
[BlackTeamCountry "HUN"]

1. e4 c5 2. Nf3 d6 3. c3 Nf6 4. Bd3 Nc6 5. Bc2 Bg4 6. d4 cxd4 7. cxd4 Bxf3 8. gxf3 g6 9. d5 Ne5 10. f4 Ned7 11. Be3 Bg7 12. Nc3 Nh5 13. Ba4 0-0 14. Bxd7 Qxd7 15. f5 Rac8 16. Bd4 b5 17. Bxg7 Kxg7 18. Rg1 Kh8 19. Qd4+ Nf6 20. f4 Rc4 21. Qd3 Rfc8 22. e5 dxe5 23. fxe5 Nh5 24. e6 Qd6 25. Qe2 Nf4 26. Qe3 b4 27. Ne2 Nxe2 28. Qxe2 Qf4 29. Qd2 Re4+ 0-1

[Event "HUN-chT2 Breyer 2122"]
[Site "Hungary"]
[Date "2021.10.31"]
[Round "2.12"]
[White "Salamon, Laszlo"]
[Black "Csonka, Anna"]
[Result "0-1"]
[WhiteElo "1156"]
[BlackElo "1498"]
[PlyCount "40"]
[EventDate "2021.10.10"]
[EventType "team-tourn"]
[EventRounds "9"]
[EventCountry "HUN"]
[SourceTitle "EXT 2025"]
[Source "ChessBase"]
[SourceDate "2024.10.14"]
[SourceVersion "1"]
[SourceVersionDate "2024.10.14"]
[SourceQuality "1"]
[WhiteTeam "Varosgazda Akademia"]
[BlackTeam "Naszaly Geniusz Tata"]
[WhiteTeamCountry "HUN"]
[BlackTeamCountry "HUN"]

1. e4 e5 2. Nf3 Nc6 3. d4 exd4 4. Bc4 Nf6 5. e5 Qe7 6. 0-0 Ng4 7. h3 Ngxe5 8. Nxe5 Nxe5 9. Re1 Qc5 10. Qe2 d6 11. f4 d3+ 12. Qf2 Qxc4 13. Na3 Qd5 14. c4 Qc6 15. fxe5 Be6 16. Qd4 dxe5 17. Rxe5 Bd6 18. Rxe6+ fxe6 19. Qxg7 0-0-0 20. Qg4 Bc5+ 0-1